ജൈവകൃഷി സഹായി (Record no. 372810)
[ view plain ]
| 000 -LEADER | |
|---|---|
| fixed length control field | 00527nam a22001457a 4500 |
| 005 - DATE AND TIME OF LATEST TRANSACTION | |
| control field | 20250903145142.0 |
| 008 - FIXED-LENGTH DATA ELEMENTS--GENERAL INFORMATION | |
| fixed length control field | 240302b |||||||| |||| 00| 0 eng d |
| 040 ## - CATALOGING SOURCE | |
| Transcribing agency | ddc |
| 100 ## - MAIN ENTRY--PERSONAL NAME | |
| Personal name | Pradeesh K R...[et.al.] |
| 240 ## - UNIFORM TITLE | |
| Uniform title | <a href="Jaivakrishi sahayi">Jaivakrishi sahayi</a> |
| Medium | മലയാളം |
| 245 ## - TITLE STATEMENT | |
| Title | ജൈവകൃഷി സഹായി |
| Remainder of title | : ശുദ്ധ ഭക്ഷണത്തിനും നാടിന്റെ ആരോഗ്യത്തിനും |
| 260 ## - PUBLICATION, DISTRIBUTION, ETC. (IMPRINT) | |
| Place of publication, distribution, etc. | Thiruvananthapuram |
| Name of publisher, distributor, etc. | Thanal |
| Date of publication, distribution, etc. | 2011 |
| 300 ## - PHYSICAL DESCRIPTION | |
| Extent | 88p; |
| 942 ## - ADDED ENTRY ELEMENTS (KOHA) | |
| Source of classification or shelving scheme | Dewey Decimal Classification |
| Koha item type | Reference Book |
| Withdrawn status | Lost status | Source of classification or shelving scheme | Damaged status | Not for loan | Collection code | Home library | Current library | Shelving location | Date acquired | Source of acquisition | Total Checkouts | Barcode | Date last seen | Price effective from | Koha item type |
|---|---|---|---|---|---|---|---|---|---|---|---|---|---|---|---|
| Dewey Decimal Classification | Not For Loan | Reference Book | College of Agriculture, Vellayani | College of Agriculture, Vellayani | Reference | 02/03/2024 | Gratis | KAU_COAV-F2426 | 02/03/2024 | 02/03/2024 | Reference Book |
